Szczegóły MARC21

Smart parkingi : innowacje w zarządzaniu przestrzenią miejską /

003 -Nazwa inst., której nr kontr. jest w polu 001 [,]
    • @
    • Nazwa instytucji, której n kontrolny jest w polu 001
    • NUKAT
005 -DATA I CZAS OSTATNIEJ MODYFIKACJI [,]
    • @
    • pole kontrolne
    • 20251016095007.0
020 -Międzynarod. znormalizowany nr książki - ISBN [ , ]
    • a
    • Numer ISBN
    • 9788381023528 Find
    • q
    • Dopowiedzenie
    • (oprawa miękka)
040 -Instytucja sporządzająca opis [ , ]
    • a
    • Instytucja, która sporządziła opis (NP)
    • WA 510/JS
    • b
    • Język katalogowania
    • pol
    • e
    • Zasady katalogowania
    • rda
    • c
    • Instytucja, która sporządziła rekord (NP)
    • WA 510/JS
    • d
    • Instytucja, która zmodyfikowała rekord (P)
    • KAT U/44LMs
942 -Rodzaj dokumentu [ , ]
    • c
    • Rodzaj dokumentu
    • Książka
100 -Hasło główne - nazwa osobowa [1, ]
    • a
    • Nazwa osobowa (NP)
    • Ziółko, Monika.
    • e
    • Rodzaj współpracy
    • Autor
    • 9
    • KHW
    • 611642
245 -Strefa tytułu i oznaczenia odpowiedzialności [1,0]
    • a
    • Tytuł
    • Smart parkingi : Find
    • b
    • Ciąg dalszy tytułu (NP)
    • innowacje w zarządzaniu przestrzenią miejską / Find
    • c
    • Pozostałe elementy strefy tytułu i oznaczenia odpowiedzialności (NP)
    • Monika Ziółko, Dorota Dziedzic, Katarzyna Szczecina, Julia Potoniec, Natalia Wilczyńska, Kamila Ziemiańczyk.
250 -Strefa wydania [ , ]
    • a
    • Oznaczenie wydania (NP)
    • Wydanie I.
260 -Strefa adresu wydawniczego [ , ]
    • a
    • Miejsce wydania (P)
    • Warszawa :
    • b
    • Nazwa wydawcy (P)
    • CeDeWu,
    • c
    • Data wydania (P)
    • 2025.
300 -Strefa opisu fizycznego [ , ]
    • a
    • Określenie formy książki i/lub objętość (NP)
    • 159 strony :
    • b
    • Oznaczenie ilustracji (NP)
    • ilustracje ;
    • c
    • Format (NP)
    • 24 cm.
336 -Typ zawartości [ , ]
    • a
    • Termin opisujący typ zawartości
    • Tekst
    • b
    • Kod określający zawartość
    • txt
    • 2
    • Źródło (terminu i kodu)
    • rdacontent
337 -Typ mediów [ , ]
    • a
    • Tryb odtwarzania
    • Bez urządzenia pośredniczącego
    • b
    • Kod typu mediów
    • n
    • 2
    • Źródło (terminu i kodu)
    • rdamedia
338 -Typ/rodzaj nośnika [ , ]
    • a
    • Hasło opisujące typ nośnika
    • Wolumin
    • b
    • Kod typu nośnika
    • nc
    • 2
    • Źródło (terminu i kodu)
    • rdacarrier
380 -Deskryptor - Forma dzieła (P) [ , ]
    • a
    • forma dzieła (NP)
    • Książki
380 -Deskryptor - Forma dzieła (P) [ , ]
    • a
    • forma dzieła (NP)
    • Publikacje naukowe
388 -Deskryptor - czas powstania dzieła (P) [1, ]
    • a
    • Czas powstania dzieła (NP)
    • 2001-
504 -Uwaga dot. bibliogr. załącznikowej [ , ]
    • a
    • Uwaga dot. bibliografii załącznikowej
    • Bibliografia na stronach 149-159.
521 -Uwaga dot. przeznaczenia czytelniczego [8, ]
    • a
    • Uwaga dot. przeznaczenia czytelniczego
    • Publikacja skierowana jest do badaczy, studentów, urbanistów, samorządowców.
536 -Uwaga dot. finansowania książki [ , ]
    • a
    • Tekst uwagi
    • Publikacja dofinansowana przez Uniwersytet Ekonomiczny w Krakowie, w ramach projektów badawczych : Doskonałość badawcza PRW/WDOB/2025/0006 oraz Potencjał PRW/WPOT/2024/0047
650 -Hasło przedmiotowe [ ,7]
    • a
    • Hasło przedmiotowe
    • Zarządzanie.
    • 2
    • Źródło terminu
    • kaba
    • 9
    • KHW
    • 137503
650 -Hasło przedmiotowe [ ,7]
    • a
    • Hasło przedmiotowe
    • Zarządzanie
    • 2
    • Źródło terminu
    • DBN
    • 9
    • KHW
    • 722265
650 -Hasło przedmiotowe [ ,7]
    • a
    • Hasło przedmiotowe
    • Technologie inteligentne
    • 2
    • Źródło terminu
    • DBN
    • 9
    • KHW
    • 733108
650 -Hasło przedmiotowe [ ,7]
    • a
    • Hasło przedmiotowe
    • Innowacje
    • 2
    • Źródło terminu
    • DBN
    • 9
    • KHW
    • 722379
650 -Hasło przedmiotowe [ ,7]
    • a
    • Hasło przedmiotowe
    • Transport publiczny.
    • 2
    • Źródło terminu
    • kaba
    • 9
    • KHW
    • 133787
650 -Hasło przedmiotowe [ ,7]
    • a
    • Hasło przedmiotowe
    • Transport pasażerski
    • 2
    • Źródło terminu
    • DBN
    • 9
    • KHW
    • 729382
650 -Hasło przedmiotowe [ ,7]
    • a
    • Hasło przedmiotowe
    • Smart Parking (aplikacja mobilna)
    • 2
    • Źródło terminu
    • DBN
    • 9
    • KHW
    • 733110
650 -Hasło przedmiotowe [ ,7]
    • a
    • Hasło przedmiotowe
    • Zarządzanie przez rozwiązywanie problemów
    • 2
    • Źródło terminu
    • DBN
    • 9
    • KHW
    • 733105
650 -Hasło przedmiotowe [ ,7]
    • a
    • Hasło przedmiotowe
    • Inteligentne miasta i wsie
    • 2
    • Źródło terminu
    • DBN
    • 9
    • KHW
    • 729473
650 -Hasło przedmiotowe [ ,7]
    • a
    • Hasło przedmiotowe
    • Aplikacje mobilne.
    • 2
    • Źródło terminu
    • kaba
    • 9
    • KHW
    • 218914
650 -Hasło przedmiotowe [ ,7]
    • a
    • Hasło przedmiotowe
    • Aplikacja mobilna
    • 2
    • Źródło terminu
    • DBN
    • 9
    • KHW
    • 733093
650 -Hasło przedmiotowe [ ,7]
    • a
    • Hasło przedmiotowe
    • Parkingi.
    • 2
    • Źródło terminu
    • kaba
    • 9
    • KHW
    • 123215
650 -Hasło przedmiotowe [ ,7]
    • a
    • Hasło przedmiotowe
    • Parkingi
    • 2
    • Źródło terminu
    • DBN
    • 9
    • KHW
    • 733086
655 -Hasło w funkcji tematu formalnego [ ,7]
    • a
    • Hasło
    • Monografia
    • 2
    • Źródło terminu
    • DBN
    • 9
    • KHW
    • 721273
658 -Ujęcie treści [ , ]
    • a
    • dziedzina nauki i sztuki/ sfera aktywności życiowej
    • Zarządzanie i marketing
658 -Ujęcie treści [ , ]
    • a
    • dziedzina nauki i sztuki/ sfera aktywności życiowej
    • Transport i logistyka
658 -Ujęcie treści [ , ]
    • a
    • dziedzina nauki i sztuki/ sfera aktywności życiowej
    • Informatyka i technologie informacyjne
700 -Hasło dodatkowe - nazwa osobowa [1, ]
    • a
    • Nazwa osobowa (NP)
    • Dziedzic, Dorota. Find
    • e
    • Określenie rodzaju współpracy
    • Autor
    • 9
    • KHW
    • 539824
700 -Hasło dodatkowe - nazwa osobowa [1, ]
    • a
    • Nazwa osobowa (NP)
    • Szczecina, Katarzyna. Find
    • e
    • Określenie rodzaju współpracy
    • Autor
    • 9
    • KHW
    • 733014
700 -Hasło dodatkowe - nazwa osobowa [1, ]
    • a
    • Nazwa osobowa (NP)
    • Potoniec, Julia. Find
    • e
    • Określenie rodzaju współpracy
    • Autor
    • 9
    • KHW
    • 733015
700 -Hasło dodatkowe - nazwa osobowa [1, ]
    • a
    • Nazwa osobowa (NP)
    • Wilczyńska, Natalia Find
    • c
    • Dopowiedzenie inne niż daty biograficzne (NP)
    • (logistyka).
    • e
    • Określenie rodzaju współpracy
    • Autor
    • 9
    • KHW
    • 733017
700 -Hasło dodatkowe - nazwa osobowa [1, ]
    • a
    • Nazwa osobowa (NP)
    • Ziemiańczyk, Kamila. Find
    • e
    • Określenie rodzaju współpracy
    • Autor
    • 9
    • KHW
    • 733016
710 -Hasło dodatkowe - nazwa ciała zbiorowego [2, ]
    • a
    • Nazwa ciała zbiorowego lub nazwa geograficzna jako pierwszy element (NP)
    • CeDeWu.
    • e
    • Rodzaj współpracy
    • Wydawca
    • 4
    • Kod relacji
    • pbl
    • 9
    • KHW
    • 51194
920 -ISBN [ , ]
    • a
    • ISBN
    • 978-83-8102-352-8 (oprawa miękka) Find
Status udost. Numer inwentarzowy Lokalizacja Data inwentaryzacji
-2E.81601BE2025-10-29
-2S.98861BE2025-10-29